000 00288nam a22001337a 4500
008 170707b xxu||||| |||| 00| 0 eng d
020 _a0130257133
041 _aeng
080 _a82
100 _a22
101 _aGJL
245 _aWRITING WITH STYLE
_cTRIMBLE.J.R
942 _2udc
_cBK
999 _c20016
_d20016